Análisis de los factores subyacentes constructores de vulnerabilidades ante riesgo de desastres en el Estado de México

El objetivo de este trabajo es realizar un análisis de los factores subyacentes constructores de vulnerabilidades ante riesgo de desastres en el Estado de México, enfocado principalmente en las inundaciones, por ser el riesgo extensivo con mayores impactos y daños al ambiente y a la sociedad. Estos...

Teljes leírás

Elmentve itt :
Bibliográfiai részletek
Szerzők: Baró Suárez José Emilio
Arriaga Rivera Armando
Díaz Delgado Carlos
Dokumentumtípus: Cikk
Megjelent: Universidad de Szeged, Departamento de Estudios Hispánicos Szeged 2020
Sorozat:Acta hispanica
Kulcsszavak:Gazdaságpolitika - Mexikó
Tárgyszavak:
doi:10.14232/actahisp.2020.0.215-229

Online Access:http://acta.bibl.u-szeged.hu/70974
LEADER 02157nab a2200253 i 4500
001 acta70974
005 20220718142437.0
008 201209s2020 hu o 0|| spa d
022 |a 1416-7263 
024 7 |a 10.14232/actahisp.2020.0.215-229  |2 doi 
040 |a SZTE Egyetemi Kiadványok Repozitórium  |b hun 
041 |a spa 
100 2 |a Baró Suárez José Emilio 
245 1 0 |a Análisis de los factores subyacentes constructores de vulnerabilidades ante riesgo de desastres en el Estado de México  |h [elektronikus dokumentum] /  |c  Baró Suárez José Emilio 
260 |a Universidad de Szeged, Departamento de Estudios Hispánicos  |b Szeged  |c 2020 
300 |a 215-229 
490 0 |a Acta hispanica 
520 3 |a El objetivo de este trabajo es realizar un análisis de los factores subyacentes constructores de vulnerabilidades ante riesgo de desastres en el Estado de México, enfocado principalmente en las inundaciones, por ser el riesgo extensivo con mayores impactos y daños al ambiente y a la sociedad. Estos factores subyacentes que se mencionan durante el trabajo también son válidos para los riesgos geológicos. El trabajo considera los pocos estudios realizados sobre atlas de riesgo y de ordenamiento ecológico en los municipios del Estado de México, porque no está cubierto todo el estado. The objective of this work is to carry out an analysis of the underlying factors that build vulnerability to disaster risk in the State of Mexico, focused mainly on floods, as it is the extensive risk with greater impacts and damage to the environment and society. These underlying factors that are mentioned during work are also valid for geological hazards. The work considers the few studies carried out on atlases of risk and ecological order in the municipalities of the State of Mexico, because the entire state is not covered. 
650 4 |a Társadalomtudományok 
650 4 |a Közgazdasági és gazdálkodástudományok 
695 |a Gazdaságpolitika - Mexikó 
700 0 2 |a Arriaga Rivera Armando  |e aut 
700 0 2 |a Díaz Delgado Carlos  |e aut 
856 4 0 |u http://acta.bibl.u-szeged.hu/70974/1/hispanica_2020_supl_215-229.pdf  |z Dokumentum-elérés